¿Qué es el esperanto? : el esperanto y la Liga de Naciones, el esperanto en las escuelas, [...] el esperanto y la Liga de Naciones, el esperanto en las escuelas, [...]
Descripción Física:
95 p. ; 20 cm
Materias:
Esperanto -- Ensenyament
MARC
| LEADER | 00000nam a2200000Ia 4500 | ||
|---|---|---|---|
| 001 | 22087 | ||
| 008 | 160829s9999 xx 000 0 cat d | ||
| 080 | |a L-2-113 | ||
| 245 | |a ¿Qué es el esperanto? : |b el esperanto y la Liga de Naciones, el esperanto en las escuelas, [...] | ||
| 260 | |a Madrid : |b Sociedad Española Esperantista (Hispana Esperanto-Asocio), [1926?] | ||
| 300 | |a 95 p. ; |c 20 cm | ||
| 590 | |a Prové de 4177, exp. 39 | ||
| 650 | |a Esperanto |x Ensenyament |9 47137 | ||
| 710 | 2 | |a Sociedad Española Esperantista |9 56460 | |
| 901 | |a Arxiu | ||
| 942 | |n 1 | ||
| 952 | |0 0 |1 0 |4 0 |6 L2113 |7 1 |9 53688 |a Arxiu |b Arxiu |d 2016-12-01 |l 0 |o L-2-113 |p 22087 |r 2016-12-01 00:00:00 |w 2016-12-01 |y ARXIU | ||
| 999 | |c 57554 |d 57554 | ||